Normal view MARC view
  • Alla, H.

Entry Personal Name

Number of records used in: 1

001 - CONTROL NUMBER

  • control field: 82464

003 - CONTROL NUMBER IDENTIFIER

  • control field: NUST

005 - DATE AND TIME OF LATEST TRANSACTION

  • control field: 20210914154109.0

008 - FIXED-LENGTH DATA ELEMENTS

  • fixed length control field: 210914|| aca||aabn | a|a d

040 ## - CATALOGING SOURCE

  • Original cataloging agency: NUST
  • Transcribing agency: NUST

100 ## - HEADING--PERSONAL NAME

  • Personal name: Alla, H.
  • Fuller form of name: (Hassane)

670 ## - SOURCE DATA FOUND

  • Source citation: Work cat.: (NUST)33155: David, René, 1939- 82462, Discrete, continuous, and hybrid Petri Nets /, c2010.
© 2023 Central Library, National University of Sciences and Technology. All Rights Reserved.